| 000 | 00971nas a2200301 4500 | ||
|---|---|---|---|
| 001 | BR0602099 | ||
| 003 | BR-BrBNA | ||
| 005 | 20231205110012.0 | ||
| 007 | ta | ||
| 008 | 230509b bl.|||p| |||| 00| 00por d | ||
| 040 |
_aBR-BrBNA _bpor _cBiblioteca Nacional de Agricultura |
||
| 041 | _a(Pt) | ||
| 072 | _aK10 | ||
| 100 | 1 | _aLima, E.E. de | |
| 100 | 1 | _aRezende, S.T. de | |
| 100 | 1 | _aBorges, R. de C.G. | |
| 100 | 1 | _aPerez, S.C.J.G.A. | |
| 245 | 1 | _aCaracterização de alfa-galactosidase do eixo embrionário e cotilédones de sementes de Platymiscium pubescens Micheli, Var. pubecens (tamboril-da-mata) | |
| 650 | _aESSÊNCIA FLORESTAL | ||
| 650 | _aSEMENTE | ||
| 650 | _aEMBEBIÇÃO | ||
| 650 | _aCOTILÉDONE | ||
| 650 | _aATIVIDADE ENZÍMICA | ||
| 650 | _aGERMINAÇÃO | ||
| 773 | 0 |
_tRevista Brasileira de Sementes (Brazil) _xISSN 0101-3122 _g(2004), v. 26(2) p. 82-90 _wBR0602099 |
|
| 909 |
_a202311 _bLúcia _c55 _dLúcia Elande |
||
| 942 |
_2AGRIS _n0 _cANA |
||
| 999 |
_c185762 _d185762 |
||